Spanish Prepositions of Locations - Statistics

General Stats
  • This quiz has been taken 25 times
  • The average score is 8 of 17
Answer Stats
Hint Answer % Correct
in/on/at en
90%
here aquí
80%
between entre
80%
behind detrás de
60%
on top of encima de
60%
to the right of a la derecha de
50%
to the left of a la izquierda de
50%
near/close to cerca de
50%
next to/to the side of al lado de
40%
right there allí
40%
inside of dentro de
40%
far away from lejos de
40%
ahead of/in front of delante de
30%
outside of fuera de
30%
on sobre
30%
facing enfrente de
20%
underneath debajo en
0%
No matching quizzes found
Score Distribution
Percent of People with Each Score
Percentile by Number Answered
Your Score History
You have not taken this quiz